| 000 | 00450nam a2200169Ia 4500 | ||
|---|---|---|---|
| 008 | 220204s9999 xx 000 0 und d | ||
| 082 |
_a581.1:630*26 _bONG |
||
| 245 | 0 | _aTree-crop interactions : A physiological approach | |
| 260 |
_aU.K _bCAB International _c1996 |
||
| 650 | _aAgroforestry | ||
| 650 | _aCropping design | ||
| 650 | _aMulch model | ||
| 650 | _aWater balance | ||
| 700 | _aHuxley, Peter | ||
| 700 | _aOng, Chin K | ||
| 942 | _cBK | ||
| 999 |
_c41096 _d41096 |
||